| 000 | 00673nam a2200241Ia 4500 | ||
|---|---|---|---|
| 008 | 180523s9999 xx 000 0 und d | ||
| 020 | _a981-240-494-5 | ||
| 050 | _aMAIN BF 176 | ||
| 050 | _b.K37 2001 | ||
| 100 | _aKaplan, Robert M. | ||
| 245 | 0 | _aPsychological testing : | |
| 245 | 0 | _bprinciples, applications, and issues / | |
| 245 | 0 | _cRobert M. Kaplan, Dennis P. Saccuzzo. | |
| 250 | _a5th Edition. | ||
| 260 | _aSingapore : | ||
| 260 | _bThomson Learning, | ||
| 260 | _c2001 | ||
| 300 | _a408 pages : | ||
| 300 | _billustrations ; | ||
| 300 | _c24 cm. | ||
| 500 | _aIncludes bibiliographical references and index. | ||
| 650 | _aPsychological tests. | ||
| 999 |
_c356557 _d356557 |
||